The Effects Of Prebiotics On Faecal Microbiota In Critical Care Patients Receiving Enteral Nutrition /
محفوظ في:
| المؤلف الرئيسي: | |
|---|---|
| التنسيق: | أطروحة كتاب |
| اللغة: | English |
| منشور في: |
2016.
|
| الموضوعات: | |
| الوصول للمادة أونلاين: | http://studentsrepo.um.edu.my/id/eprint/7376 |
| الوسوم: |
إضافة وسم
لا توجد وسوم, كن أول من يضع وسما على هذه التسجيلة!
|
| LEADER | 01402cam a2200337 i 4500 | ||
|---|---|---|---|
| 001 | u1031707 | ||
| 003 | SIRSI | ||
| 005 | 201604271600 | ||
| 008 | 160427t2016 my a m 000 0 eng m | ||
| 040 | |a UMP |e rda | ||
| 096 | |a WA20.5 |b UM 2016 Mazkz | ||
| 100 | 0 | |a Mazuin Kamarul Zaman, |e author. | |
| 245 | 1 | 4 | |a The Effects Of Prebiotics On Faecal Microbiota In Critical Care Patients Receiving Enteral Nutrition / |c Mazuin Kamarul Zaman. |
| 264 | 1 | |c 2016. | |
| 264 | 4 | |c © Mazuin Kamarul Zaman 2016. | |
| 300 | |a xvii, 165 leaves : |b colour illustration ; |c 30cm. | ||
| 336 | |a text |2 rdacontent | ||
| 337 | |a unmediated |2 rdamedia | ||
| 338 | |a volume |2 rdacarrier | ||
| 502 | |b Ph.D.P.H |c Department of Social And Preventive Medicine, Faculty of Medicine, University of Malaya, |d 2016. | ||
| 504 | |a Bibliography: 119-139 leaves. | ||
| 530 | |a Issued also in CD. | ||
| 650 | 2 | |a Microbiota |x Prebiotics. | |
| 650 | 2 | |a Critical Care. | |
| 650 | 2 | |a Enteral Nutrition. | |
| 710 | 2 | |a Universiti Malaya. |b Jabatan Perubatan Kemasyarakatan Dan Pencegahan. |e degree granting institution. | |
| 856 | 4 | 1 | |u http://studentsrepo.um.edu.my/id/eprint/7376 |
| 900 | |a ND | ||
| 596 | |a 2 | ||
| 999 | |a WA20.5 UM 2016 MAZKZ |w NLM |c 1 |i A516094914 |d 16/5/2016 |f 16/5/2016 |g 1 |l TESIS |m P02MEDKL |r Y |s Y |t TESIS |u 16/5/2016 | ||
| 999 | |a WA20.5 UM 2016 MAZKZ |w NLM |c 2 |i A516094928 |d 16/5/2016 |f 16/5/2016 |g 1 |l TESIS |m P02MEDKL |r Y |s Y |t CD |u 16/5/2016 | ||
